000 00427nmm a2200157Ia 4500
008 251105s9999||||xx |||||||||||||||||und||
020 _a9788499493985
041 _aspa
100 _aBragado, Elena
245 0 _aAroma de Jazmines
264 _a[Madrid, España] :
_bLiber Factory,
_c2014
300 _a220 páginas
650 _aSpanish narrative
856 _uhttps://public.digitaliapublishing.com/a/87808
942 _cCF
999 _c93006
_d93006